000 00803na a2200265 4500
001 15892
003 MIRAKIL
005 20181213155157.0
008 161003b tu 000 0
020 _a9757045098
035 _a15892
040 _aMilas
_btur
_cTR-AnCHP
041 _atur
082 _a332.09561
_bB27 2005
090 _a332.09561 B27 2005
245 _aBatırılan bir ülke nasıl kurtarılır?
_bGünümüz Türkiye'sine kıssadan hisseler
_cHazırlayan Ersal Yavi
246 _aGünümüz Türkiye'sine kıssadan hisseler
250 _a3. bs.
260 _aİzmir
_bYazıcı Yayınevi
_c2005
300 _aviii, 631 s.
_bfotğ.
_c22 sm.
650 _aSiyaset ve yönetim
_xTürkiye
650 _aEkonomi
_xTarih
_zTürkiye
700 _aYavi, Ersal
_d1943-
942 _2dcc
_cBKS
999 _c8016
_d8016